Being healthy / (Record no. 8058)
[ view plain ]
| 000 -LEADER | |
|---|---|
| fixed length control field | 01099nam a22003012 4500 |
| 001 - CONTROL NUMBER | |
| control field | 0000011843 |
| 005 - DATE AND TIME OF LATEST TRANSACTION | |
| control field | 20151217152101.0 |
| 008 - FIXED-LENGTH DATA ELEMENTS--GENERAL INFORMATION | |
| fixed length control field | 090113s xx 000 0 eng d |
| 040 ## - CATALOGING SOURCE | |
| Original cataloging agency | KABU |
| Transcribing agency | KABU |
| 100 1# - MAIN ENTRY--PERSONAL NAME | |
| Personal name | Olsen, Larry K. |
| -- | 0000167881 |
| 245 10 - TITLE STATEMENT | |
| Title | Being healthy / |
| Statement of responsibility, etc. | Larry K. Olsen, Richard W. St. Pierre, Jan M. Ozlas. |
| 250 ## - EDITION STATEMENT | |
| Edition statement | 1st ed. |
| 260 ## - PUBLICATION, DISTRIBUTION, ETC. (IMPRINT) | |
| Place of publication, distribution, etc. | Orlando : |
| Name of publisher, distributor, etc. | HBJ, |
| Date of publication, distribution, etc. | 1990. |
| 300 ## - PHYSICAL DESCRIPTION | |
| Extent | v. |
| 500 ## - GENERAL NOTE | |
| General note | Library has vols. 4, 5. |
| 650 #0 - SUBJECT ADDED ENTRY--TOPICAL TERM | |
| Topical term or geographic name as entry element | Health. |
| -- | 0000036860 |
| 650 #0 - SUBJECT ADDED ENTRY--TOPICAL TERM | |
| Topical term or geographic name as entry element | Holistic medicine. |
| -- | 0000167882 |
| 700 1# - ADDED ENTRY--PERSONAL NAME | |
| Personal name | Pierre, Richard W. St. |
| -- | 0000167883 |
| 700 1# - ADDED ENTRY--PERSONAL NAME | |
| Personal name | Ozlas, Jan M. |
| -- | 0000167884 |
| 852 1# - LOCATION | |
| -- | p500 KES |
| 852 1# - LOCATION | |
| -- | p500 KES |
| 852 1# - LOCATION | |
| -- | p500 KES |
| 852 1# - LOCATION | |
| -- | p500 KES |
| 852 1# - LOCATION | |
| -- | p500 KES |
| 852 1# - LOCATION | |
| -- | p500 KES |
| 908 ## - PUT COMMAND PARAMETER (RLIN) | |
| Put command parameter | 090113 |
| 950 ## - LOCAL HOLDINGS (RLIN) | |
| -- | 1 |
| Withdrawn status | Lost status | Source of classification or shelving scheme | Not for loan | Home library | Current library | Date acquired | Total Checkouts | Full call number | Barcode | Date last seen | Date last checked out | Price effective from | Koha item type |
|---|---|---|---|---|---|---|---|---|---|---|---|---|---|
| Library of Congress Classification | Kabarak, Main Campus | Kabarak, Main Campus | 17/12/2015 | 1 | RA776 .O47 1990 v. 4 c. 1 | 16038 | 14/01/2020 | 13/01/2020 | 17/12/2015 | General Collection | |||
| Library of Congress Classification | Kabarak, Main Campus | Kabarak, Main Campus | 17/12/2015 | RA776 .O47 1990 v. 5 c. 1 | 16037 | 17/12/2015 | 17/12/2015 | General Collection | |||||
| Library of Congress Classification | Kabarak, Main Campus | Kabarak, Main Campus | 17/12/2015 | RA776 .O47 1990 v. 4 c. 2 | 16844 | 17/12/2015 | 17/12/2015 | General Collection | |||||
| Library of Congress Classification | Kabarak, Main Campus | Kabarak, Main Campus | 17/12/2015 | RA776 .O47 1990 v. 4 c. 3 | 16843 | 17/12/2015 | 17/12/2015 | General Collection | |||||
| Library of Congress Classification | Kabarak, Main Campus | Kabarak, Main Campus | 17/12/2015 | RA776 .O47 1990 v. 5 c. 2 | 16841 | 17/12/2015 | 17/12/2015 | General Collection | |||||
| Library of Congress Classification | Kabarak, Main Campus | Kabarak, Main Campus | 17/12/2015 | RA776 .O47 1990 v. 5 c. 3 | 16842 | 17/12/2015 | 17/12/2015 | General Collection |